Days that shook the world Μέρες που συγκλόνισαν τον κόσμο
"Το BBC παρουσιάζει μια εκπληκτική ανθολογία όπου μας παρουσιάζονται τα πιο συνταρακτικά ιστορικά γεγονότα της νεότερης ιστορίας της ανθρωπότητας". Περίληψη από τη θήκη....
Saved in:
| Other Authors: | |
|---|---|
| Format: | |
| Language: | English Greek Romanian Bulgarian |
| Published: |
[S.l.] :
BBC, Prooptiki [Εταιρεία διανομής],
c2003.
|
| Subjects: | |
| Tags: |
Add Tag
No Tags, Be the first to tag this record!
|
MARC
| LEADER | 00000cgm a2200000 i 4500 | ||
|---|---|---|---|
| 001 | 1/12631 | ||
| 008 | 110328s2003####xx ||| | || ||eng|| | ||
| 035 | |l 10109858 | ||
| 040 | |a GR-MY-UA |b gre |e aacr | ||
| 041 | 0 | |a eng |j gre |j rum |j bul | |
| 082 | 0 | |a 909 |2 (22) | |
| 245 | 1 | 0 | |a Days that shook the world |h [μαγνητοσκόπηση] = |b Μέρες που συγκλόνισαν τον κόσμο / |c Written and directed by Bartlett David. |
| 246 | 1 | |i Παράλληλος τίτλος: |a Μέρες που συγκλόνισαν τον κόσμο |h [μαγνητοσκόπηση] | |
| 260 | |a [S.l.] : |b BBC, |b Prooptiki [Εταιρεία διανομής], |c c2003. | ||
| 300 | |a 3 βιντεοδίσκοι (462 λεπτ.) : |b ομίλ., έγχρ. ; |c 4 3/4 ίν. | ||
| 500 | |a Κυκλοφόρησε πρώτη φορά ως σειρά του BBC το 2003. | ||
| 500 | |a Στα αγγλικά με ελληνικούς υπότιτλους. | ||
| 505 | 0 | |a DVD 1: Η δολοφονία του Κένεντι & η παραίτηση του προέδρου Νίξον - Η δολοφονία του Μάρτιν Λούθερ Κινγκ & η αποφυλάκιση του Νέλσον Μαντέλα - Η δολοφονία του Αβραάμ Λίνκολν & η βομβιστική επίθεση στην Οκλαχόμα Σίτυ.DVD 2: Επίθεση στο Περλ Χάρμπορ - Χιροσίμα - Έξι μέρες του ΙουνίουDVD 3: Η πρώτη πτήση των αδελφών Ράιτ και η προσγείωση στη σελήνη - Ο Τσακ Γιάγκερ και το σκάφος Bluebird - Φτάστε τ'αστέρια: η δίκη του Γαλιλαίου και η πτήση του Γιούρι Γκαγκάριν. | |
| 508 | |a Εκτέλεση παραγωγής: Chris Kelly, παραγωγή: Stephen Bennett. | ||
| 520 | |a "Το BBC παρουσιάζει μια εκπληκτική ανθολογία όπου μας παρουσιάζονται τα πιο συνταρακτικά ιστορικά γεγονότα της νεότερης ιστορίας της ανθρωπότητας". Περίληψη από τη θήκη. | ||
| 650 | 0 | 0 | |a History, Modern |y 20th century. |
| 650 | 0 | 0 | |a World politics |y 20th century. |
| 700 | 1 | |a Bartlett, David. |4 drt |4 sce | |
| 852 | |a INST |b SYROS |c AV |e 20110328 |h 909 DAY |p 005500009250 |q 005500009250 |t DVD |y 23 |z Disc.3 | ||
| 852 | |a INST |b SYROS |c AV |e 20110328 |h 909 DAY |p 005500009251 |q 005500009251 |t DVD |y 23 |z Disc.2 | ||
| 852 | |a INST |b SYROS |c AV |e 20110328 |h 909 DAY |p 005500009252 |q 005500009252 |t DVD |y 23 |z Disc.1 | ||
| 852 | |a INST |b SYROS |c AV |e 20110328 |h 909 DAY |p 005500009250 |q 005500009250 |t DVD |v Disc.3: |y 23 |z Disc.3 | ||
| 852 | |a INST |b SYROS |c AV |e 20110328 |h 909 DAY |p 005500009251 |q 005500009251 |t DVD |v Disc.2: |y 23 |z Disc.2 | ||
| 852 | |a INST |b SYROS |c AV |e 20110328 |h 909 DAY |p 005500009252 |q 005500009252 |t DVD |v Disc.1: |y 23 |z Disc.1 | ||
| 853 | |a INST |b SYROS |c AV |h 909 DAY | ||
| 901 | |a BIBL5-2008-1 | ||
| 909 | |a Ε |b 165487 | ||
| 909 | |a Ε |b 165488 | ||
| 909 | |a Ε |b 165489 | ||
| 922 | |a 5ΕΛΗ |b 200710 |c ΒΙΒΛΙΟΘΗΚΗ ΣΥΡΟΥ |d ANACO | ||
| 970 | |a ΚΟΝΤΟΥ |b ΠΑΡΑΣΚΕΥΗ |z 2011/03/28 | ||